| 000 | 01255cam a2200505 4500 | ||
|---|---|---|---|
| 001 | ABS66788 | ||
| 008 | 030714n2003 000 0 eng u | ||
| 035 | _a(Sirsi) u122978 | ||
| 245 | _aRegional survey: Scotland | ||
| 260 | _c2003 | ||
| 490 |
_aProperty Week _v68(21) 30 May 2003, 49-84(12) |
||
| 590 | _aABS | ||
| 650 | _aGLASGOW | ||
| 650 | _aSCOTLAND | ||
| 650 | _aEDINBURGH | ||
| 650 | _aABERDEEN | ||
| 650 | _aPAISLEY | ||
| 650 | _aEAST KILBRIDE | ||
| 650 | _aLIVINGSTONE | ||
| 650 | _aCUMBERNAULD | ||
| 650 | _aHAMILTON | ||
| 650 | _aKIRKCALDY | ||
| 650 | _aAYR | ||
| 650 | _aGREENOCK | ||
| 650 | _aKILMARNOCK | ||
| 650 | _aPERTH | ||
| 650 | _aCOATBRIDGE | ||
| 650 | _aINVERNESS | ||
| 650 | _aDUNFIRMLINE | ||
| 650 | _aGLENROTHES | ||
| 650 | _aAIRDRIE | ||
| 650 | _aIRVINE | ||
| 650 | _aSTIRLING | ||
| 650 | _aFALKIRK | ||
| 650 | _aDUMFRIES | ||
| 650 | _aMOTHERWELL | ||
| 650 | _aPROPERTY-COMMERCIAL PROPERTY-OFFICE PROPERTY-OFFICE PROPERTY MARKET | ||
| 650 | _aINDUSTRIAL MARKET | ||
| 650 | _aDECENTRALISATION | ||
| 650 | _aSCOTTISH EXECUTIVE | ||
| 650 | _aPROPERTY LENDING | ||
| 650 | _aRENTAL VALUES | ||
| 690 | _aPROPERTY-COMMERCIAL PROPERTY-COMMERCIAL PROPERTY MARKET | ||
| 942 | _n0 | ||
| 999 |
_c73028 _d73028 |
||